Music Quiz

Random Music or Artist Quiz

Greedy Grammy Winners Quiz Stats

 Plays Quiz Updated Feb 15, 2016

Challenge
Share
Tweet
Score 0/20 Timer 04:00
1 Play Today
% Correct
Taylor Swift
96.7%
Lady Gaga
95.3%
Beyoncé
94.8%
Adele
92.5%
Kanye West
84.5%
Celine Dion
82.4%
John Legend
80.1%
Green Day
78.9%
Alicia Keys
72.7%
Dixie Chicks
66.7%
% Correct
John Mayer
64.7%
Outkast
57.3%
Lauryn Hill
50%
Mary J. Blige
45.8%
Lady Antebellum
40.8%
Norah Jones
37.5%
Robert Plant & Alison Krauss
31.1%
Kings of Leon
17.5%
The Civil Wars
13.3%
Bon Iver
13%

You're not logged in!

Compare scores with friends on all Sporcle quizzes.
Join for Free
OR
Log In

You Might Also Like...

Show Comments

Extras

Top Quizzes Today


Score Distribution

Your Account Isn't Verified!

In order to create a playlist on Sporcle, you need to verify the email address you used during registration. Go to your Sporcle Settings to finish the process.

Report this User

Report this user for behavior that violates our Community Guidelines.

Details: